[Event "RSA-ch U18 Girls"]
[Site "Gauteng"]
[Date "2017.04.10"]
[Round "9"]
[White "Combrinck, Bianca"]
[Black "Steyn, Alicia"]
[Result "0-1"]
[WhiteElo "1172"]
[BlackElo "1427"]
[PlyCount "100"]
[EventDate "2017.04.05"]
[EventType "swiss"]
[EventRounds "11"]
[EventCountry "RSA"]
[SourceTitle "CBM 177 Extra"]
[Source "ChessBase"]
[SourceDate "2017.04.27"]
[SourceVersion "1"]
[SourceVersionDate "2017.04.27"]
[SourceQuality "1"]

1. e4 c5 2. Nf3 Nc6 3. Bc4 e6 4. Nc3 g6 5. d3 a6 6. a3 Bg7 7. 0-0 b5 8. Bb3 d6 9. Rb1 Nge7 10. Re1 0-0 11. Be3 Bb7 12. Bg5 Qb6 13. Bxe7 Nxe7 14. Qd2 Nc6 15. Ne2 Rfd8 16. c3 Rac8 17. Nf4 Bh6 18. Nd5 Bxd2 19. Nxb6 Bxe1 20. Nxc8 Bxc3 21. Nxd6 Rxd6 22. bxc3 Rxd3 23. Rc1 Na5 24. Ba2 Bxe4 25. Bb1 Rd6 26. Bxe4 f5 27. Bc2 Nc4 28. Ra1 Kg7 29. g3 e5 30. Kg2 e4 31. Ne1 Rd2 32. Kf1 e3 33. f3 Rxh2 34. Kg1 Rd2 35. Kf1 Ne5 36. Rc1 Rf2+ 37. Kg1 Kf6 38. Bd1 Ra2 39. f4 Nc4 40. Bb3 Rxa3 41. Bxc4 bxc4 42. Rc2 a5 43. Kg2 a4 44. Kf3 Rb3 45. Kxe3 a3 46. Kd2 Ke6 47. Nf3 Kd5 48. Kc1 a2 49. Rd2+ Ke4 50. Rxa2 Kxf3 0-1

[Event "RSA-ch U18 Girls"]
[Site "Gauteng"]
[Date "2017.04.07"]
[Round "5"]
[White "Badenhorst, Mandie"]
[Black "Combrinck, Bianca"]
[Result "1/2-1/2"]
[WhiteElo "1107"]
[BlackElo "1172"]
[PlyCount "78"]
[EventDate "2017.04.05"]
[EventType "swiss"]
[EventRounds "11"]
[EventCountry "RSA"]
[SourceTitle "CBM 177 Extra"]
[Source "ChessBase"]
[SourceDate "2017.04.27"]
[SourceVersion "1"]
[SourceVersionDate "2017.04.27"]
[SourceQuality "1"]

1. d4 d5 2. Nf3 Nf6 3. Bg5 Nbd7 4. e3 h6 5. Bh4 c6 6. Bd3 Ne4 7. Nbd2 Ndf6 8. h3 g5 9. Bg3 Nxg3 10. fxg3 Qd6 11. Kf2 Bg7 12. c3 0-0 13. g4 Bd7 14. Ne5 Rac8 15. Nxd7 Nxd7 16. Ke2 c5 17. Qf1 cxd4 18. exd4 Qe6+ 19. Kd1 Qf6 20. Qxf6 Bxf6 21. Nf3 Rc7 22. Kd2 e5 23. dxe5 Nxe5 24. Nxe5 Bxe5 25. Rhe1 Bf4+ 26. Kc2 d4 27. Rab1 dxc3 28. bxc3 Rd8 29. Red1 Kg7 30. Be4 Rxd1 31. Rxd1 b6 32. Bf5 Be5 33. Rd3 Kf6 34. Kb3 h5 35. Rf3 h4 36. c4 Re7 37. Be4+ Bf4 38. Bd5 Re3+ 39. Rxe3 Bxe3 1/2-1/2

[Event "RSA-ch U18 Girls"]
[Site "Gauteng"]
[Date "2017.04.06"]
[Round "3"]
[White "Kekana, Letsatsi"]
[Black "Combrinck, Bianca"]
[Result "1-0"]
[WhiteElo "1182"]
[BlackElo "1172"]
[PlyCount "71"]
[EventDate "2017.04.05"]
[EventType "swiss"]
[EventRounds "11"]
[EventCountry "RSA"]
[SourceTitle "CBM 177 Extra"]
[Source "ChessBase"]
[SourceDate "2017.04.27"]
[SourceVersion "1"]
[SourceVersionDate "2017.04.27"]
[SourceQuality "1"]

1. g3 e5 2. Bg2 Nc6 3. e3 d5 4. Ne2 Nf6 5. 0-0 Bc5 6. d4 Bd6 7. b3 e4 8. c4 Bf5 9. Nbc3 Bb4 10. cxd5 Bxc3 11. Nxc3 Nb4 12. f3 Nbxd5 13. Nxd5 Qxd5 14. Ba3 0-0-0 15. Rc1 Rhe8 16. Rc5 Qd6 17. Qc1 Bg6 18. Rf2 Kb8 19. Rfc2 Qb6 20. f4 Nd5 21. Bf1 c6 22. R5c4 Rc8 23. Bc5 Qc7 24. Qa3 a6 25. Bd6 Nxe3 26. Bxc7+ Rxc7 27. Qb4 Nxc2 28. Rxc2 e3 29. Rc1 e2 30. Kf2 exf1Q+ 31. Kxf1 Bd3+ 32. Kg1 Be4 33. Qd6 Bd5 34. f5 Rec8 35. Re1 b5 36. Re7 1-0

[Event "RSA-ch U16 Girls"]
[Site "Bloemfontein"]
[Date "2016.03.20"]
[Round "1"]
[White "Joubert, Dantelle"]
[Black "Combrinck, Bianca"]
[Result "1-0"]
[WhiteElo "1387"]
[BlackElo "1090"]
[PlyCount "53"]
[EventDate "2016.03.20"]
[EventType "swiss"]
[EventRounds "11"]
[EventCountry "RSA"]
[SourceTitle "CBM 171 Extra"]
[Source "ChessBase"]
[SourceDate "2016.04.26"]
[SourceVersion "1"]
[SourceVersionDate "2016.04.26"]
[SourceQuality "1"]

1. e4 e5 2. Nf3 d6 3. d4 Nf6 4. Nc3 Be6 5. dxe5 Nfd7 6. exd6 Bxd6 7. Bg5 Be7 8. Bf4 Bc5 9. Bd3 h6 10. a3 a6 11. 0-0 Nc6 12. Re1 0-0 13. h3 Qf6 14. Bxc7 Nd4 15. Nh2 Nb5 16. Bg3 Nd4 17. e5 Qe7 18. Nf3 Nf5 19. Bh2 Nh4 20. Qe2 f5 21. exf6 Rxf6 22. Qe4 Nf5 23. Nd5 Bxd5 24. Qxd5+ Qf7 25. Qxb7 Ra7 26. Qc8+ Bf8 27. Bc4 1-0